000 00228nam a2200085Ia 4500
008 120527s9999 xx 000 0 und d
100 _aDillinagham, et al
245 _aEconomics: individual choice and its consequences
942 _cBK
999 _c27112
_d27112